Statistics for Scottish Clans to Map

Click here to take the quiz!

General Stats

  • This quiz has been taken 23 times
  • The average score is 17 of 66

Answer Stats

Answer % Correct
Cockburn
50%
Macleod
40%
Bruce
40%
MacDonald
40%
Maclean
30%
Stewart
30%
Mackay
30%
MacThomas
30%
Lindsay
30%
Campbell
30%
Carnegie
30%
Ruthven
30%
Drummond
30%
Livingstone
30%
Farquharson
30%
Wallace
30%
Hamilton
30%
Douglas
30%
Nesbitt
30%
Scott
30%
Elliot
30%
Johnstone
30%
Maxwell
30%
Cameron
30%
Kennedy
30%
Fraser
30%
Sutherland
30%
Mackinnon
30%
MacNeil
30%
MacDonell
30%
Ross
30%
Mackenzie
30%
Sinclair
30%
Gordon
30%
Kerr
20%
Pringle
20%
Graham
20%
Home
20%
Oliphant
20%
Munro
20%
Gunn
20%
Boyd
20%
MacLellan
20%
Chisholm
20%
Leslie
20%
Macfarlane
20%
Donnachaidh
20%
Dunbar
20%
Keith
20%
Macpherson
20%
Hay
20%
Ogilvy
20%
Menzies
20%
Innes
20%
Grant
20%
Cumming
20%
Forbes
20%
Brodie
20%
Mackintosh
20%
Murray
20%
Macnab
20%
Maclachlan
20%
MacMillan
20%
Lamont
20%
Colquhoun
20%
MacLaren
10%

Score Distribution

Percentile by Number Answered

Percent of People with Each Score

Your Score History

You have not taken this quiz